“I Saw Mommy Kissing Santa Claus” Lyrics - Statistics

General Stats
  • This quiz has been taken 99 times
  • The average score is 30 of 51
Answer Stats
Lyric % Correct
I
100%
Mommy
98%
saw
98%
Claus
96%
kissing
96%
Santa
96%
the
87%
{night}!
83%
{night}.
83%
underneath
82%
last
80%
a
78%
mistletoe
78%
Daddy
67%
see
65%
if
60%
in
59%
me
57%
She
57%
it
56%
to
55%
was
55%
what
55%
didn’t
54%
had
52%
have
52%
my
50%
seen
50%
tickle
50%
been
49%
only
49%
would
49%
down
48%
{Oh},
48%
stairs
48%
that
48%
{bedroom},
44%
so
43%
{Then},
43%
laugh
41%
thought
41%
{asleep}.
40%
creep
40%
fast
40%
up
39%
beard
38%
{white}.
38%
his
35%
tucked
35%
snowy
33%
{peep}.
32%
No matching quizzes found
Score Distribution
Percent of People with Each Score
Percentile by Number Answered
Your Score History
You have not taken this quiz